Desarrollo de la conciencia moral y ética : (Registro nro. 15048)

Detalles MARC
000 -LEADER
fixed length control field 00870nam a2200265 a 4500
001 - CONTROL NUMBER
control field
003 - CONTROL NUMBER IDENTIFIER
control field OSt
005 - DATE AND TIME OF LATEST TRANSACTION
control field 20250513095545.0
008 - FIXED-LENGTH DATA ELEMENTS--GENERAL INFORMATION
fixed length control field 130823s2004 pr 000 0 spa d
040 ## - CATALOGING SOURCE
Original cataloging agency DO-SdBPM
Language of cataloging spa
Transcribing agency BPMSU
082 #4 - DEWEY DECIMAL CLASSIFICATION NUMBER
Classification number 170
Item number V722d 2004
Edition number 22
100 1# - MAIN ENTRY--PERSONAL NAME
Personal name Villarini Jusino, Ángel R.
245 10 - TITLE STATEMENT
Title Desarrollo de la conciencia moral y ética :
Remainder of title teoría y práctica /
Statement of responsibility, etc. Ángel R. Villarini Jusino
250 ## - EDITION STATEMENT
Edition statement
260 ## - PUBLICATION, DISTRIBUTION, ETC. (IMPRINT)
Place of publication, distribution, etc. Río Piedras, Puerto Rico :
Name of publisher, distributor, etc. Organización para el Fomento del Desarrollo del Pensamiento,
Date of publication, distribution, etc. 2004
300 ## - PHYSICAL DESCRIPTION
Extent 123 p ;
Dimensions 22 cm.
490 0# - SERIES STATEMENT
Series statement Biblioteca del pensamiento crítico,
590 ## - LOCAL NOTE (RLIN)
Local note Inventariado, 2025/VM
650 #4 - SUBJECT ADDED ENTRY--TOPICAL TERM
Topical term or geographic name as entry element Conciencia (Moral)
650 #4 - SUBJECT ADDED ENTRY--TOPICAL TERM
Topical term or geographic name as entry element Valores sociales
650 #4 - SUBJECT ADDED ENTRY--TOPICAL TERM
Topical term or geographic name as entry element Conducta (Ética)
Form subdivision
General subdivision
650 #4 - SUBJECT ADDED ENTRY--TOPICAL TERM
Topical term or geographic name as entry element Valores (Filosofía)
Form subdivision
910 ## - USER-OPTION DATA (OCLC)
User-option data VMateo V. Control de calidad. BPMSU
942 ## - ADDED ENTRY ELEMENTS (KOHA)
Source of classification or shelving scheme Dewey Decimal Classification
Koha item type Libros
Existencias
Withdrawn status Lost status Source of classification or shelving scheme Damaged status Not for loan Collection code Home library Current library Date acquired Total Checkouts Full call number Barcode Date last seen Price effective from Koha item type Copy number
    Dewey Decimal Classification     Colección General Biblioteca Pública Metropolitana Salomé Ureña Biblioteca Pública Metropolitana Salomé Ureña 05/13/2025   BPMSU CG 170 V722d 2004 BPMSU25050020 05/13/2025 05/13/2025 Libros  
    Dewey Decimal Classification     Colección General Biblioteca Pública Metropolitana Salomé Ureña Biblioteca Pública Metropolitana Salomé Ureña 05/13/2025   BPMSU CG 170 V722d 2004 BPMSU25050021 05/13/2025 05/13/2025 Libros e.2
    Dewey Decimal Classification     Colección General Biblioteca Pública Metropolitana Salomé Ureña Biblioteca Pública Metropolitana Salomé Ureña 05/13/2025   BPMSU CG 170 V722d 2004 BPMSU25080088 08/28/2025 05/13/2025 Libros e.3